Významnosť časového hľadiska z pohľadu účtovníctva bakalárska práca

Uložené v:
Podrobná bibliografia
Hlavný autor: Juráková, Andrea
Korporativný autor: Fakulta hospodárskej informatiky EU. Katedra účtovníctva a audítorstva
Ďalší autori: Šumanová, Radka, 1991-
Médium: Kniha
Jazyk:Slovak
Vydavateľské údaje: Bratislava 2018
Tagy: Pridať tag
Žiadne tagy, Buďte prvý, kto otaguje tento záznam!

MARC

LEADER 00000nbm a2200000 4500
001 0247370
005 20181106083240.5
041 0 |a slo 
044 |a SK 
245 1 0 |a Významnosť časového hľadiska z pohľadu účtovníctva  |b bakalárska práca  |c Andrea Juráková ; školiteľ: Radka Šumanová 
264 1 |a Bratislava  |c 2018 
300 |a 47 s. 
100 1 |a Juráková, Andrea 
700 1 |a Šumanová, Radka, 1991- 
710 2 |a Fakulta hospodárskej informatiky EU. Katedra účtovníctva a audítorstva